000 00563nam a2200229Ia 4500
003 OSt
005 20250715154008.0
008 210210b1992 xxu||||| |||| 00| 0 eng d
020 _a0 07 463225 6
040 _cAL
041 _aEnglish
082 _a658.15 KHAF
100 _aM Y Khan
_958023
245 _aFinancial management
_b: Text and Problems
250 _a3
260 _aNew Delhi
_bTata McGraw-Hill
_c1992
300 _axxi,1.10p.
690 _aFinancial Management
_958024
700 _aP K Jain
_958025
906 _a054463
942 _2ddc
_cBK
999 _c102456
_d102456